Differences between Arabic and English medium school learners in terms of e-learning technology acceptance and use from the aspect of the constructivist learning approach

Elmentve itt :
Bibliográfiai részletek
Szerzők: Mohammed Saif Husam
Kinyó László
Dokumentumtípus: Cikk
Megjelent: 2025
Sorozat:TURKISH ONLINE JOURNAL OF DISTANCE EDUCATION 26 No. 3
Tárgyszavak:
doi:10.17718/tojde.1550754

mtmt:36226151
Online Access:http://publicatio.bibl.u-szeged.hu/38455
LEADER 00894nab a2200217 i 4500
001 publ38455
005 20251208093210.0
008 251208s2025 hu o 000 eng d
022 |a 1302-6488 
024 7 |a 10.17718/tojde.1550754  |2 doi 
024 7 |a 36226151  |2 mtmt 
040 |a SZTE Publicatio Repozitórium  |b hun 
041 |a eng 
100 1 |a Mohammed Saif Husam 
245 1 0 |a Differences between Arabic and English medium school learners in terms of e-learning technology acceptance and use from the aspect of the constructivist learning approach  |h [elektronikus dokumentum] /  |c  Mohammed Saif Husam 
260 |c 2025 
300 |a 256-287 
490 0 |a TURKISH ONLINE JOURNAL OF DISTANCE EDUCATION  |v 26 No. 3 
650 4 |a Oktatástudomány 
700 0 1 |a Kinyó László  |e aut 
856 4 0 |u http://publicatio.bibl.u-szeged.hu/38455/1/10.17718-tojde.1550754-4217221_Mohammed_Kinyo.pdf  |z Dokumentum-elérés